000 00447nam a22001697a 4500
003 NUST - PNEC
005 20170116181136.0
008 151007b xxu||||| |||| 00| 0 eng d
020 _a-
040 _cLIBRARY
082 _a891.4391 IQB
100 _914307
_aIqbal, Muhammad
245 _aKulliyat-e-Iqbal
_cSir Muhammad Iqbal
260 _aKarachi:
_bSana Publications,
_c2009
650 _914309
_aUrdu Literature
_xGeneral
942 _2ddc
_cBK
999 _c70244
_d70244